Sistema de derecho civil

Gespeichert in:
Bibliographische Detailangaben
Hauptverfasser: Díez-Picazo y Ponce de León, Luis María (VerfasserIn), Gullón, Antonio (VerfasserIn)
Format: Buch
Sprache:Spanisch
Veröffentlicht: Madrid Tecnos 1983
Ausgabe:3a. ed
Schriftenreihe:Biblioteca Universitaria
Schlagworte:
Tags: Tag hinzufügen
Keine Tags, Fügen Sie den ersten Tag hinzu!

MARC

LEADER 00000nam a2200000 a 4500
001 UCS1615
003 CL-VaPUC
008 970515e19830000SP |||||||||||||||||spa|d
020 |a 8430907270 
020 |a 843091014Xv.1 
082 0 4 |a 346.46  |b DIE  |2 21 
100 0 |a Díez-Picazo y Ponce de León, Luis María  |e author  |9 386220 
700 0 |a Gullón, Antonio  |e author  |9 386221 
245 1 0 |a Sistema de derecho civil 
250 |a 3a. ed 
300 |a v 
942 |c BK 
945 |d 19970515 00:00:00  |a cmena 
260 |a Madrid  |b Tecnos  |c 1983 
500 |a v.4: Derecho de familia. Derecho de sucesiones 
650 0 |a Derecho civil  |9 255013 
650 0 |a Derecho español  |9 255291 
650 0 |a Código civil  |9 256135 
650 0 |a Familias   |9 255641 
650 7 |a MATRIMONIO  |2 CL-VaPUC  |9 386222 
650 0 |a Divorcio  |9 256204 
650 0 |a Filiación  |9 256647 
650 0 |a Patria potestad  |9 369365 
650 0 |a Tutelas   |9 384923 
650 0 |a Sociedades  |9 259052 
650 7 |a BIENES GANANCIALES  |2 CL-VaPUC  |9 333667 
650 0 |a Obligaciones   |9 255578 
650 0 |a Herencia  |9 256325 
650 0 |a Herederos  |9 357054 
650 0 |a Albaceazgo  |9 385207 
650 0 |a Testamento  |9 258220 
650 0 |a Derecho sucesorio  |9 255015 
651 0 |a España  |9 254926 
583 |a last modification  |c 19970515 00:00:00  |k Rodrigo Vera 
490 0 |a Biblioteca Universitaria 
999 |c 259652  |d 259650 
952 |0 0  |1 0  |4 0  |6 346_460000000000000_DIE_1983  |7 0  |8 A  |9 284855  |a BIBDER  |b BIBDER  |d 2019-11-19  |h v.4  |i 1852698  |o 346.46 DIE 1983  |p 1852698  |r 2023-01-25  |w 2019-11-19  |y BK  |k DER